Statistics for Paper Mario Sticker Star: All Stickers

Click here to take the quiz!

General Stats

  • This quiz has been taken 13 times
  • The average score is 93 of 162

Answer Stats

Answer% Correct
Big Shiny Hammer
100%
Big Shiny Iron Jump
100%
Big Shiny Jump
100%
Fire Flower
100%
Flashy Fire Flower
100%
Flashy Hammer
100%
Flashy Ice Flower
100%
Flashy Iron Jump
100%
Flashy jump
100%
Hammer
100%
Ice Flower
100%
Iron Jump
100%
Jump
100%
Megaflash Hammer
100%
Megaflash Iron Jump
100%
Megaflash Jump
100%
Shiny Fire Flower
100%
Shiny Hammer
100%
Shiny Ice Flower
100%
Shiny Iron Jump
100%
Shiny Jump
100%
Worn-Out Hammer
100%
Worn-out Jump
100%
Bed
80%
Boom Box
80%
Cake
80%
Fan
80%
Flashy Mushroom
80%
Flashy POW Block
80%
Goat
80%
High Heel
80%
Lightbulb
80%
Mushroom
80%
POW Block
80%
Scissors
80%
Shiny Mushroom
80%
Shiny POW Block
80%
Stapler
80%
Trumpet
80%
Baahammer
60%
Balloon
60%
Bat
60%
Big Shiny Baahammer
60%
Big Shiny Burnhammer
60%
Big Shiny Chillhammer
60%
Big Shiny Clone Jump
60%
Big Shiny Hopslipper
60%
Big Shiny Hurlhammer
60%
Big Shiny Infinijump
60%
Big Shiny Line Jump
60%
Big Shiny Slaphammer
60%
Bowling Ball
60%
Burnhammer
60%
Cat-O-Luck
60%
Chillhammer
60%
Faucet
60%
Flashy Clone Jump
60%
Flashy Hopslipper
60%
Flashy Hurlhammer
60%
Flashy Infinijump
60%
Flashy Line Jump
60%
Flashy Slaphammer
60%
Hopslipper
60%
Hurlhammer
60%
Jackhammer
60%
Leaf
60%
Line Jump
60%
Magnifying Glass
60%
Matches
60%
Megaflash Baahammer
60%
Megaflash Burnhammer
60%
Megaflash Chillhammer
60%
Megaflash Clone Jump
60%
Megaflash Hopslipper
60%
Megaflash Hurlhammer
60%
Megaflash Infinijump
60%
Megaflash Line Jump
60%
Megaflash Slaphammer
60%
Newspapper
60%
Oven
60%
Paper Fan
60%
Pillow
60%
Radiator
60%
Refrigerator
60%
Shaved Ice
60%
Shiny Hopslipper
60%
Shiny Hurlhammer
60%
Shiny Leaf
60%
Shiny Line Jump
60%
Shiny Slaphammer
60%
Shiny Tail
60%
Slaphammer
60%
Sponge
60%
Tail
60%
Tape
60%
Trophy
60%
Watering can
60%
Air Conditioner
40%
Barrel
40%
Basin
40%
Bellows
40%
Big 1UP
40%
Big Shiny 1UP
40%
Billiard Ball
40%
Boomerang
40%
Car Battery
40%
Car Sponge
40%
Cell Phone
40%
Curling Stone
40%
Drum
40%
Fishhook
40%
Flashlight
40%
Flashy Shell
40%
Flashy Spike Helmet
40%
Frog Suit
40%
Hair Dryer
40%
Hair Shears
40%
Kersti
40%
Lighter
40%
Luxurious Bed
40%
Mini Vacuum
40%
Poison Mushroom
40%
Powder Puff
40%
Rubber Ducky
40%
Sandal
40%
Searchlight
40%
Secret Door
40%
Sewing Scissors
40%
Shell
40%
Shiny Frog Suit
40%
Shiny Shell
40%
Shiny Spike Helmet
40%
Snowball
40%
Soda
40%
Spike Ball
40%
Spike Helmet
40%
Square Can
40%
Squirt Gun
40%
Tailor Shears
40%
Teapot
40%
Toy Bat
40%
Turkey
40%
Upright Vacuum
40%
Vacuum
40%
Watch Battery
40%
Big Shiny Eekhammer
20%
Bomb
20%
Bone
20%
D-Cell Battery
20%
Eekhammer
20%
Flashy Eekhammer
20%
Guitar
20%
Megaflash Eekhammer
20%
Shiny Eekhammer
20%
Shiny Super Boot
20%
Sombrero
20%
Super Boot
20%
Throwing Star
20%
Thumbtack
20%
Violin
20%
Pocket Watch
0%
Wrench
0%

Score Distribution

Percentile by Number Answered

Percent of People with Each Score

Your Score History

You have not taken this quiz